000 00603nam a22002177a 4500
003 OSt
005 20160601141119.0
008 160601b xxu||||| |||| 00| 0 eng d
020 _a0723432279
040 _cDNLM
082 _aWC17 A65s 2003
100 _aEdited by Morse, Stephen A. [et.....al]
_99179
245 _aAtlas Sexually Transmitted Diseases and AIDS
250 _a3rd ed.
260 _aEdinburgh; Mosby, 2003
300 _a408p; col.ill: 31cm
504 _aReferences, & index included
650 _aSexually Transmitted Diseases
_92452
650 _aAIDS
_92450
942 _2z
_cO_SHELF
999 _c4258
_d4258